000 01686nam a2200397Ia 4500
001 ebr10608365
003 CaPaEBR
006 m u
007 cr cn|||||||||
008 120703s2012 txuac sb s001 0 eng d
010 _z 2012025848
020 _z9780292739741 (cloth : alk. paper)
020 _z9780292739758
040 _aCaPaEBR
_cCaPaEBR
035 _a(OCoLC)813844943
050 1 4 _aPN1997.S63337
_bS64 2012eb
082 0 4 _a791.43/6552
_223
100 1 _aSperb, Jason,
_d1978-
245 1 0 _aDisney's most notorious film
_h[electronic resource] :
_brace, convergence, and the hidden histories of Song of the South /
_cby Jason Sperb.
250 _a1st ed.
260 _aAustin :
_bUniversity of Texas Press,
_c2012.
300 _axiii, 278 p. :
_bill., ports.
500 _aOriginally presented as the author's thesis (doctoral)--Indiana University, 2009.
504 _aIncludes bibliographical references and index.
533 _aElectronic reproduction.
_bPalo Alto, Calif. :
_cebrary,
_d2011.
_nAvailable via World Wide Web.
_nAccess may be limited to ebrary affiliated libraries.
610 2 0 _aWalt Disney Productions.
630 0 0 _aSong of the South (Motion picture)
650 0 _aRace relations in motion pictures.
650 0 _aAfrican Americans in motion pictures.
650 0 _aStereotypes (Social psychology) in motion pictures.
650 0 _aMotion picture audiences
_zUnited States.
650 0 _aConvergence (Telecommunication)
655 7 _aElectronic books.
_2local
710 2 _aebrary, Inc.
856 4 0 _uhttp://site.ebrary.com/lib/rucke/Doc?id=10608365
_zAn electronic book accessible through the World Wide Web; click to view
999 _c193731
_d193731